Score 0/20 Timer 05:00
1 Play Today
Song Missing Word % Correct
_______ Like Jagger (ft. Christina Aguilera)Moves
95.7%
She _____ Be LovedWill
84.5%
This _____Love
71%
One More ______Night
70.7%
The _____ Who Never LiedMan
59.5%
Harder To ______Breathe
58.4%
Get _____ In My LifeBack
56.2%
_______ MorningSunday
55.1%
Won't Go _____ Without YouHome
52.8%
Never Gonna Leave This ______Bed
49.1%
Song Missing Word % Correct
Wake Up _____Call
40.4%
______ StrikeLucky
38.8%
Can't ____Stop
38.3%
Goodnight ________Goodnight
31.8%
______ That We BreakBetter
28.8%
Love _____Somebody
28.5%
_____ Get OutMust
27.6%
_________ GoodbyeBeautiful
26.6%
Don't Know _______Nothing
22.1%
Out Of _________Goodbyes
18.9%

Today's Daily Dose

Missing Word
Train Books

Word Ladder
Piano Man

Quick Pick
Google Products

Get the Picture
Moana or Coco

Remove Ads.
Support Sporcle.
Get the best of Sporcle when you Go Orange. This ad-free experience offers more features, more stats, and more fun while also helping to support Sporcle. Thank you for becoming a member.

You're not logged in!

Compare scores with friends on all Sporcle quizzes.
OR
Log In

Show Comments

Extras

Top Quizzes Today


Score Distribution

Your Account Isn't Verified!

In order to create a playlist on Sporcle, you need to verify the email address you used during registration. Go to your Sporcle Settings to finish the process.

Report this User

Report this user for behavior that violates our Community Guidelines.

Details: